000 00373nam a2200157Ia 4500
003 OSt
005 20231211080044.0
008 170524s9999 xx 000 0 und d
020 _a978-81-203-4137-1
040 _cIIMT UNIVERSITY
100 _aFERNANDEZ- IRMA
100 _c2012
245 0 _aKNOWLEDGE MANAGEMENT SYSTEMS AND PROCESSES
260 _aPHI
942 _2ddc
_c02
999 _c2963
_d2963